000 00875nam a22002537a 4500
001 3924
003 FISKH
005 20240524091853.0
008 240524b cb ||||| |||| 00| 0 eng d
040 _aFISK
_beng
_cFISK
_dFISK
050 _aPZ8.S14
082 _a843.912
100 _aSaint-Exupéry​ Antoine de
_d1900-1944
245 _aThe little prince /
_cAntoine de Saint-Exupéry
260 _aLondon :
_bWordsworth Classics ,
_c1995
300 _a109 pages :
_billustrations ;
_c20 cm
505 _aM
520 _aAn aviator whose plane is forced down in the Sahara Desert encounters a little prince from a small planet who relates his adventures in seeking the secret of what is important in life.
521 8 _a710
_bLexile
521 8 _aM
_bRaz-Plus
700 _aAntoine de Saint-Exupéry
942 _2ddc
_cBK
_n0
999 _c3924
_d3924